000 00748cam a22002533a 4500
001 9813
003 PGUSA
005 20140828083216.0
008 060201s2006||||xxu|||||s|||||000 | eng d
040 _aPGUSA
_beng
042 _adc
050 4 _aF1900
100 1 _aSchoenrich, Otto,
_d1876-
245 1 0 _aSanto Domingo :
_bA Country with a Future
_h[electronic resource] /
_cOtto Schoenrich
260 _bProject Gutenberg,
_c2006
506 _aPublic domain in the USA.
516 _aElectronic text
653 _aDominican Republic -- Economic conditions
653 _aDominican Republic
653 _aDominican Republic -- History
830 0 _aProject Gutenberg
_v9813
856 4 0 _uhttp://www.gutenberg.org/ebooks/9813
942 _cEB
999 _c239069
_d239069